[Event "St Petersburg Korchnoi Memorial op"]
[Site "St Petersburg"]
[Date "2024.08.20"]
[Round "6"]
[White "Dudarev, Vyacheslav"]
[Black "Bashilov, Vyacheslav Pav"]
[Result "1-0"]
[WhiteElo "1865"]
[BlackElo "1636"]
[PlyCount "51"]
[EventDate "2024.08.17"]
[EventType "swiss"]
[EventRounds "9"]
[EventCountry "RUS"]
[SourceTitle "EXT 2025"]
[Source "ChessBase"]
[SourceDate "2024.10.14"]
[SourceVersion "1"]
[SourceVersionDate "2024.10.14"]
[SourceQuality "1"]

1. d4 Nf6 2. c4 g6 3. Nc3 Bg7 4. e4 d6 5. h3 Nbd7 6. Be3 e5 7. d5 0-0 8. g4 a5 9. Qd2 Nc5 10. f3 Bd7 11. Nge2 Rb8 12. Ng3 Ne8 13. h4 c6 14. h5 cxd5 15. Nxd5 b5 16. hxg6 fxg6 17. Qh2 Ne6 18. Qxh7+ Kf7 19. Rh6 Nf4 20. Bxf4 exf4 21. Qxg6+ Kg8 22. Qh7+ Kf7 23. Qg6+ Kg8 24. Nf5 Bxf5 25. gxf5 Nf6 26. Rd1 1-0

[Event "St Petersburg Korchnoi Memorial op"]
[Site "St Petersburg"]
[Date "2024.08.17"]
[Round "2"]
[White "Dudarev, Vyacheslav"]
[Black "Kozlov, Alexei"]
[Result "1/2-1/2"]
[WhiteElo "1865"]
[BlackElo "2066"]
[PlyCount "92"]
[EventDate "2024.08.17"]
[EventType "swiss"]
[EventRounds "9"]
[EventCountry "RUS"]
[SourceTitle "CBM 221 Extra"]
[Source "ChessBase"]
[SourceDate "2024.09.30"]
[SourceVersion "1"]
[SourceVersionDate "2024.09.30"]
[SourceQuality "1"]

1. d4 d5 2. c4 Nc6 3. cxd5 Qxd5 4. e3 e5 5. Nc3 Bb4 6. Bd2 Bxc3 7. Bxc3 exd4 8. Ne2 Nf6 9. Nxd4 0-0 10. Nxc6 Qxc6 11. Rc1 Re8 12. Bd4 Qd6 13. Be2 b6 14. Bf3 Ne4 15. 0-0 Bf5 16. Bxe4 Rxe4 17. Qf3 Bg6 18. Rfd1 Qe7 19. Bc3 Re8 20. Qg3 h5 21. Rd4 h4 22. Rxe4 hxg3 23. Rxe7 gxf2+ 24. Kxf2 Rxe7 25. Rd1 f6 26. a3 Be8 27. g3 Bd7 28. h4 Kf7 29. Rd4 c5 30. Rd6 Bg4 31. Rd2 Ke6 32. Rd8 Kf5 33. Rg8 Ke4 34. Rd8 Rb7 35. Re8+ Kd3 36. Rd8+ Kc2 37. Rd2+ Kb3 38. Rd5 Re7 39. Rd8 Kc4 40. Rd6 Re8 41. Bd2 Re5 42. Bc3 Re8 43. Bd2 Rb8 44. Bc3 b5 45. Rc6 Rc8 46. Rxc8 Bxc8 1/2-1/2

[Event "Chigorin Memorial 30th"]
[Site "St Petersburg"]
[Date "2023.10.25"]
[Round "5"]
[White "Dudarev, Vyacheslav"]
[Black "Filippov, Kirill P"]
[Result "1/2-1/2"]
[WhiteElo "1766"]
[BlackElo "2066"]
[PlyCount "112"]
[EventDate "2023.10.21"]
[EventType "swiss"]
[EventRounds "9"]
[EventCountry "RUS"]
[SourceTitle "CBM 216 Extra"]
[Source "ChessBase"]
[SourceDate "2023.11.30"]
[SourceVersion "1"]
[SourceVersionDate "2023.11.30"]
[SourceQuality "1"]

1. d4 d5 2. c4 e6 3. Nf3 Nf6 4. g3 dxc4 5. Bg2 a6 6. 0-0 Nc6 7. Qc2 Nxd4 8. Nxd4 Qxd4 9. Nd2 Be7 10. Nxc4 0-0 11. Rd1 Qc5 12. Be3 Qf5 13. Qxf5 exf5 14. Bf4 Be6 15. Na5 c6 16. Nxb7 Nd5 17. Na5 Bf6 18. Nxc6 Nxf4 19. gxf4 Bxb2 20. Ne7+ Kh8 21. Rab1 Rab8 22. Nc6 Rb5 23. a4 Rb3 24. Bd5 Bxd5 25. Rxd5 g6 26. Ne5 Kg8 27. Nd3 Rfb8 28. Rxb2 Rxb2 29. Nxb2 Rxb2 30. e3 Rb4 31. Ra5 Rb6 32. Rd5 Kg7 33. Kg2 Kf6 34. Re5 Rb4 35. Ra5 Rb6 36. Re5 Rc6 37. Kg3 Kg7 38. h4 Kh6 39. Ra5 Kg7 40. Re5 Kf8 41. Kf3 Re6 42. Rc5 Kg7 43. Kg3 Kh6 44. Ra5 Kh5 45. Rc5 h6 46. Rd5 Rf6 47. Rd7 Rc6 48. Ra7 f6 49. Ra8 g5 50. fxg5 fxg5 51. hxg5 hxg5 52. Rh8+ Kg6 53. Ra8 Kf6 54. Rf8+ Ke6 55. Re8+ Kf7 56. Ra8 Kf6 1/2-1/2

[Event "Chigorin Memorial 30th"]
[Site "St Petersburg"]
[Date "2023.10.21"]
[Round "1"]
[White "Dudarev, Vyacheslav"]
[Black "Vlasenko, Miroslav"]
[Result "1/2-1/2"]
[WhiteElo "1766"]
[BlackElo "2371"]
[PlyCount "145"]
[EventDate "2023.10.21"]
[EventType "swiss"]
[EventRounds "9"]
[EventCountry "RUS"]
[SourceTitle "CBM 216 Extra"]
[Source "ChessBase"]
[SourceDate "2023.11.30"]
[SourceVersion "1"]
[SourceVersionDate "2023.11.30"]
[SourceQuality "1"]

1. d4 f5 2. c4 Nf6 3. Nf3 g6 4. e3 a5 5. c5 Bg7 6. Bc4 d5 7. cxd6 exd6 8. Nc3 d5 9. Be2 Nbd7 10. Qc2 c6 11. b3 0-0 12. Na4 Qe7 13. Nb2 Ne4 14. Nd3 g5 15. g3 g4 16. Nfe5 Nxe5 17. Nxe5 Qb4+ 18. Kf1 a4 19. Nd3 axb3 20. axb3 Rxa1 21. Nxb4 h5 22. Kg2 f4 23. gxf4 Bf5 24. Bd3 Rfa8 25. Bd2 h4 26. h3 Rxh1 27. Kxh1 Nxf2+ 28. Kg2 Nxd3 29. Nxd3 Be4+ 30. Kg1 Ra1+ 31. Bc1 Bxd3 32. Qxd3 Rxc1+ 33. Kg2 g3 34. Qg6 Re1 35. Qe8+ Kh7 36. Qh5+ Kg8 37. Qe8+ Kh7 38. f5 Re2+ 39. Kg1 Rf2 40. Qh5+ Kg8 41. Qe8+ Kh7 42. Qh5+ Kg8 43. Qxh4 Rxf5 44. Qxg3 Rf7 45. Qb8+ Kh7 46. Qe8 Rc7 47. Kg2 Bf6 48. Kf3 Re7 49. Qh5+ Kg8 50. Qg6+ Bg7 51. h4 Kf8 52. Qd6 Kf7 53. h5 Re6 54. Qd7+ Re7 55. Qf5+ Kg8 56. Qg6 Rf7+ 57. Ke2 Rf6 58. Qe8+ Kh7 59. Qd7 b5 60. Qe8 Bf8 61. Kd3 Bg7 62. Kc3 Bf8 63. Kd3 Kh6 64. e4 dxe4+ 65. Kxe4 Bg7 66. d5 cxd5+ 67. Kxd5 Rf5+ 68. Kc6 Rxh5 69. Qe3+ Kg6 70. Qe8+ Kh6 71. Qe3+ Kg6 72. Qe8+ Kh6 73. Qe3+ 1/2-1/2

[Event "St Petersburg Korchnoi Memorial op"]
[Site "St Petersburg"]
[Date "2023.08.21"]
[Round "6"]
[White "Vasiljev, Artem"]
[Black "Dudarev, Vyacheslav"]
[Result "0-1"]
[WhiteElo "1585"]
[BlackElo "1813"]
[PlyCount "114"]
[EventDate "2023.08.18"]
[EventType "swiss"]
[EventRounds "9"]
[EventCountry "RUS"]
[SourceTitle "CBM 216 Extra"]
[Source "ChessBase"]
[SourceDate "2023.11.30"]
[SourceVersion "1"]
[SourceVersionDate "2023.11.30"]
[SourceQuality "1"]

1. e4 c6 2. d4 d5 3. exd5 cxd5 4. c4 Nf6 5. Nf3 Nc6 6. h3 e6 7. Be2 dxc4 8. Bxc4 Be7 9. 0-0 0-0 10. Nc3 b6 11. Be3 Bb7 12. Qe2 Rc8 13. Rfd1 Na5 14. Bd3 Nd5 15. Rac1 Nb4 16. Bb1 Ba6 17. Nb5 Qd5 18. Rxc8 Rxc8 19. a4 Nb3 20. Ne5 Bd6 21. Bxh7+ Kxh7 22. Qh5+ Kg8 23. Qxf7+ Kh8 24. Nc3 Rxc3 25. Qh5+ Kg8 26. bxc3 Bb7 27. f3 Bxe5 28. Qxe5 Qxe5 29. dxe5 Nd5 30. Bf2 Na5 31. Rd4 Nxc3 32. Rd8+ Kh7 33. Be1 Nxa4 34. Bxa5 bxa5 35. Rd7 Bd5 36. Rxa7 Nb6 37. Rxa5 Nc4 38. Ra7 Nxe5 39. Kf2 Kg6 40. f4 Nc6 41. Rc7 Kf6 42. g4 Ne7 43. Kg3 Nc6 44. h4 Nd4 45. f5 exf5 46. g5+ Kg6 47. Rd7 Ne2+ 48. Kf2 Nc3 49. Ke3 Be4 50. Rd8 Nd5+ 51. Kd4 Nf4 52. Rh8 Ng2 53. Ke5 Bd3 54. Re8 Nxh4 55. Kf4 Be4 56. Re6+ Kh5 57. Ra6 Ng2+ 0-1

[Event "St Petersburg Korchnoi Memorial op"]
[Site "St Petersburg"]
[Date "2023.08.20"]
[Round "4"]
[White "Panchenko, Sergey"]
[Black "Dudarev, Vyacheslav"]
[Result "1-0"]
[WhiteElo "1437"]
[BlackElo "1813"]
[PlyCount "47"]
[EventDate "2023.08.18"]
[EventType "swiss"]
[EventRounds "9"]
[EventCountry "RUS"]
[SourceTitle "CBM 216 Extra"]
[Source "ChessBase"]
[SourceDate "2023.11.30"]
[SourceVersion "1"]
[SourceVersionDate "2023.11.30"]
[SourceQuality "1"]

1. e4 c6 2. c4 d5 3. exd5 cxd5 4. cxd5 Nf6 5. Bb5+ Nbd7 6. Nc3 a6 7. Bxd7+ Qxd7 8. Qb3 Qg4 9. Kf1 g6 10. Nf3 Bg7 11. d4 0-0 12. a4 Qf5 13. Be3 Rd8 14. Ne5 Ng4 15. Nxg4 Qxg4 16. h3 Qf5 17. Kg1 e6 18. Qb6 Bf6 19. dxe6 Qxe6 20. Qxe6 Bxe6 21. Rd1 Bb3 22. Rd2 Be7 23. Kh2 Bf6 24. g3 1-0

[Event "St Petersburg Korchnoi Memorial op"]
[Site "St Petersburg"]
[Date "2023.08.19"]
[Round "2"]
[White "Bataev, Nikita"]
[Black "Dudarev, Vyacheslav"]
[Result "1/2-1/2"]
[WhiteElo "1528"]
[BlackElo "1813"]
[PlyCount "77"]
[EventDate "2023.08.18"]
[EventType "swiss"]
[EventRounds "9"]
[EventCountry "RUS"]
[SourceTitle "CBM 216 Extra"]
[Source "ChessBase"]
[SourceDate "2023.11.30"]
[SourceVersion "1"]
[SourceVersionDate "2023.11.30"]
[SourceQuality "1"]

1. e4 c6 2. d4 d5 3. exd5 cxd5 4. Nf3 Nc6 5. Bb5 Bg4 6. Qd3 f6 7. 0-0 e6 8. Nbd2 Bd6 9. c4 Nge7 10. Re1 Kf7 11. a3 g5 12. Nb3 Bf5 13. Qe2 Ng6 14. cxd5 exd5 15. Bd3 Bxd3 16. Qxd3 g4 17. Nfd2 Nf4 18. Qf5 Ne7 19. Qc2 Rc8 20. Qd1 h5 21. Nf1 b6 22. Bxf4 Bxf4 23. Qe2 Qd7 24. Ne3 a5 25. Nc1 Nc6 26. Qd3 Rce8 27. Ne2 Bxe3 28. fxe3 Ne7 29. Rf1 Qe6 30. Nf4 Qe4 31. Qxe4 dxe4 32. Rac1 h4 33. Rc7 Rc8 34. Rb7 Rb8 35. Rc7 Rhc8 36. Rd7 Rd8 37. Rc7 Rbc8 38. Rb7 Rb8 39. Rc7 1/2-1/2

[Event "Chigorin Memorial 29th"]
[Site "St Petersburg"]
[Date "2022.10.25"]
[Round "4"]
[White "Dudarev, Vyacheslav"]
[Black "Lundin, Jan"]
[Result "1/2-1/2"]
[WhiteElo "1938"]
[BlackElo "2199"]
[PlyCount "143"]
[EventDate "2022.10.22"]
[EventType "swiss"]
[EventRounds "9"]
[EventCountry "RUS"]
[SourceTitle "EXT 2024"]
[Source "ChessBase"]
[SourceDate "2023.10.10"]
[SourceVersion "1"]
[SourceVersionDate "2023.10.10"]
[SourceQuality "1"]

1. d4 Nf6 2. c4 e6 3. g3 Bb4+ 4. Nd2 0-0 5. Bg2 Re8 6. Ngf3 Bf8 7. 0-0 d6 8. e4 e5 9. d5 Nbd7 10. Qc2 a5 11. b3 Nc5 12. a3 Bd7 13. Rb1 g6 14. Ne1 Bh6 15. f3 Be3+ 16. Kh1 Nh5 17. Rg1 Bxg1 18. Kxg1 c6 19. dxc6 bxc6 20. Nf1 f5 21. Be3 fxe4 22. fxe4 Nf6 23. b4 axb4 24. axb4 Ncxe4 25. Rd1 Bf5 26. Qb3 Bg4 27. Rc1 Be6 28. Qb2 Qb8 29. Nd3 Bf5 30. b5 cxb5 31. cxb5 d5 32. Nf2 Nxf2 33. Bxf2 Bd7 34. b6 Ra5 35. Rc7 d4 36. Rb7 Qd8 37. Qc2 Rb5 38. Qa2+ Be6 39. Qa7 Nd7 40. Bc6 Rxb6 41. Bxd7 Rxb7 42. Bxe6+ Rxe6 43. Qxb7 e4 44. Qb3 Kf7 45. Qb7+ Re7 46. Qb3+ Kf8 47. Be1 e3 48. Qd3 Rd7 49. Bb4+ Kf7 50. Qc4+ Rd5 51. g4 Qd7 52. h3 Qe6 53. Ng3 Rd7 54. Qc5 Qe8 55. Ne4 Qxe4 56. Qf8+ Ke6 57. Qe8+ Kd5 58. Qxd7+ Kc4 59. Qa4 Qb1+ 60. Be1+ Kd3 61. Qa6+ Kc2 62. Qc4+ Kd1 63. Qxd4+ Kxe1 64. Qxe3+ Kd1 65. Kf2 Qc2+ 66. Kg3 Qc7+ 67. Kf3 Qc6+ 68. Kf4 Qf6+ 69. Kg3 Qd6+ 70. Kg2 Qd7 71. Kf2 Kc2 72. Kg3 1/2-1/2

[Event "Chigorin Memorial 29th"]
[Site "St Petersburg"]
[Date "2022.10.23"]
[Round "2"]
[White "Dudarev, Vyacheslav"]
[Black "Popenkova, Varvara"]
[Result "1-0"]
[WhiteElo "1938"]
[BlackElo "1313"]
[PlyCount "73"]
[EventDate "2022.10.22"]
[EventType "swiss"]
[EventRounds "9"]
[EventCountry "RUS"]
[SourceTitle "EXT 2024"]
[Source "ChessBase"]
[SourceDate "2023.10.10"]
[SourceVersion "1"]
[SourceVersionDate "2023.10.10"]
[SourceQuality "1"]

1. d4 Nf6 2. c4 g6 3. Nc3 Bg7 4. e4 d6 5. h3 Nbd7 6. Be3 e5 7. d5 Nb6 8. b4 0-0 9. c5 dxc5 10. bxc5 Nbd7 11. Nf3 c6 12. Qa4 cxd5 13. exd5 e4 14. Nd4 Nxc5 15. Qc4 Ncd7 16. Qb3 a6 17. a4 Ne5 18. Rd1 Re8 19. Be2 Bd7 20. 0-0 Rc8 21. Rc1 Rb8 22. Rfd1 Qe7 23. Bg5 h6 24. Bxf6 Bxf6 25. Nxe4 Bg7 26. Nc5 Rec8 27. d6 Qe8 28. a5 Rxc5 29. Rxc5 Ba4 30. Qe3 Nd7 31. Rc7 Bxd1 32. Bxd1 Nf6 33. Bb3 Qxe3 34. Bxf7+ Kf8 35. fxe3 Re8 36. Bxe8 Nxe8 37. Ne6+ 1-0

[Event "Chigorin Memorial 28th"]
[Site "St Petersburg"]
[Date "2021.10.28"]
[Round "6"]
[White "Dudarev, Vyacheslav"]
[Black "Deruchenko, Ivan"]
[Result "1-0"]
[WhiteElo "1817"]
[BlackElo "1497"]
[PlyCount "81"]
[EventDate "2021.10.23"]
[EventType "swiss"]
[EventRounds "9"]
[EventCountry "RUS"]
[SourceTitle "EXT 2023"]
[Source "ChessBase"]
[SourceDate "2022.10.05"]
[SourceVersion "1"]
[SourceVersionDate "2022.10.05"]
[SourceQuality "1"]

1. d4 d5 2. c4 dxc4 3. e4 Nf6 4. e5 Nd5 5. Bxc4 e6 6. Nf3 Be7 7. 0-0 0-0 8. Nc3 Nb6 9. Bd3 h6 10. Qe2 Nd5 11. Bxh6 gxh6 12. Qe4 f5 13. exf6 Nxf6 14. Qg6+ Kh8 15. Qxh6+ Kg8 16. Qg5+ Kh8 17. Ne5 Qxd4 18. Rae1 Nc6 19. Re3 Qxe3 20. Ng6+ Kg7 21. fxe3 Ne4 22. Qh5 Rxf1+ 23. Kxf1 Nxc3 24. bxc3 Bd7 25. Nxe7 Nxe7 26. Qe5+ Kf7 27. Qxc7 Bc6 28. Qf4+ Ke8 29. Be4 Kd7 30. Bxc6+ bxc6 31. Ke2 Rg8 32. g3 Nd5 33. Qd4 c5 34. Qxc5 Rc8 35. Qxa7+ Rc7 36. Qd4 Rxc3 37. e4 Rc2+ 38. Kf3 Rc3+ 39. Ke2 Rc2+ 40. Ke1 Rc1+ 41. Kd2 1-0

[Event "Chigorin Memorial 27th"]
[Site "St Petersburg"]
[Date "2019.10.10"]
[Round "6"]
[White "Dudarev, Vyacheslav"]
[Black "De Luna Butz, Alberto"]
[Result "1-0"]
[WhiteElo "2127"]
[BlackElo "1770"]
[PlyCount "41"]
[EventDate "2019.10.05"]
[EventType "swiss"]
[EventRounds "9"]
[EventCountry "RUS"]
[SourceTitle "EXT 2020"]
[Source "ChessBase"]
[SourceDate "2019.10.17"]
[SourceVersion "1"]
[SourceVersionDate "2019.10.17"]
[SourceQuality "1"]

1. d4 c5 2. d5 f5 3. Nc3 Nf6 4. e4 fxe4 5. g4 e6 6. dxe6 dxe6 7. Qxd8+ Kxd8 8. g5 Nd5 9. Bd2 e3 10. fxe3 Be7 11. Nf3 Nc6 12. 0-0-0 Rf8 13. Be2 g6 14. h4 Bd7 15. h5 Be8 16. Be1 Kc7 17. Bg3+ Kb6 18. Rxd5 exd5 19. Nxd5+ Ka5 20. Be1+ Ka4 21. Rh4+ 1-0

[Event "Chigorin Memorial 27th"]
[Site "St Petersburg"]
[Date "2019.10.08"]
[Round "4"]
[White "Dudarev, Vyacheslav"]
[Black "Klevets, Ksenia"]
[Result "0-1"]
[WhiteElo "2127"]
[BlackElo "1842"]
[PlyCount "92"]
[EventDate "2019.10.05"]
[EventType "swiss"]
[EventRounds "9"]
[EventCountry "RUS"]
[SourceTitle "EXT 2020"]
[Source "ChessBase"]
[SourceDate "2019.10.17"]
[SourceVersion "1"]
[SourceVersionDate "2019.10.17"]
[SourceQuality "1"]

1. d4 d5 2. c4 e6 3. Nf3 Nf6 4. g3 dxc4 5. Bg2 a6 6. 0-0 Nc6 7. e3 Bd7 8. Qe2 b5 9. b3 cxb3 10. axb3 Be7 11. Nc3 Nb4 12. Ne5 Nfd5 13. Ne4 0-0 14. Bb2 f6 15. Nxd7 Qxd7 16. Rfc1 Rfb8 17. Nc5 Bxc5 18. Rxc5 a5 19. e4 Ne7 20. Qd2 c6 21. Bh3 Rd8 22. Rcc1 Qd6 23. Qc3 e5 24. Rd1 exd4 25. Qd2 c5 26. Bf1 Qb6 27. Rdc1 Rac8 28. f4 Nec6 29. Kh1 Re8 30. Re1 Rcd8 31. Rac1 d3 32. e5 Nc2 33. Re4 f5 34. Ree1 Nxe1 35. Rxe1 Re6 36. Bg2 Nb4 37. g4 g6 38. gxf5 gxf5 39. Bh3 Rf8 40. Re3 Rg6 41. Bg2 Qe6 42. Rh3 Qxb3 43. e6 Qc2 44. Qxc2 dxc2 45. e7 Re8 46. Re3 Kf7 0-1

[Event "Chigorin Memorial 27th"]
[Site "St Petersburg"]
[Date "2019.10.06"]
[Round "2"]
[White "Dudarev, Vyacheslav"]
[Black "Kudin, Alexander"]
[Result "1/2-1/2"]
[WhiteElo "2127"]
[BlackElo "1824"]
[PlyCount "102"]
[EventDate "2019.10.05"]
[EventType "swiss"]
[EventRounds "9"]
[EventCountry "RUS"]
[SourceTitle "EXT 2020"]
[Source "ChessBase"]
[SourceDate "2019.10.17"]
[SourceVersion "1"]
[SourceVersionDate "2019.10.17"]
[SourceQuality "1"]

1. d4 Nf6 2. c4 g6 3. Nc3 Bg7 4. e4 d6 5. Be2 0-0 6. Be3 a6 7. d5 Re8 8. h3 e6 9. Nf3 exd5 10. exd5 Nh5 11. Qd2 f5 12. Bg5 Bf6 13. 0-0 Nd7 14. Rfe1 Ne5 15. Bxf6 Nxf6 16. Nd4 c5 17. dxc6 bxc6 18. f4 Qb6 19. Na4 Qa7 20. fxe5 dxe5 21. c5 exd4 22. Bc4+ Kh8 23. Qxd4 Qg7 24. Nb6 Rb8 25. Rxe8+ Nxe8 26. Qxg7+ Kxg7 27. Rd1 Bb7 28. Rd7+ Kh6 29. Rf7 Ng7 30. g4 fxg4 31. hxg4 Ne8 32. Kf2 Kg5 33. Rf8 Rd8 34. Bf7 Rd2+ 35. Ke3 Rxb2 36. Rxe8 a5 37. Bc4 Rb1 38. Rb8 Re1+ 39. Kf3 Re7 40. Rf8 h5 41. gxh5 gxh5 42. Rf7 Rxf7+ 43. Bxf7 h4 44. a4 Kf6 45. Bb3 Ke5 46. Nc4+ Kd4 47. Nxa5 Ba8 48. Bd1 Kxc5 49. Nb3+ Kb4 50. Nd2 c5+ 51. Kg4 Bc6 1/2-1/2

[Event "St Petersburg Korchnoi Memorial op"]
[Site "St Petersburg"]
[Date "2019.08.20"]
[Round "7"]
[White "Dudarev, Vyacheslav"]
[Black "Vetokhin, Ilia"]
[Result "1/2-1/2"]
[WhiteElo "2260"]
[BlackElo "2106"]
[PlyCount "46"]
[EventDate "2019.08.14"]
[EventType "swiss"]
[EventRounds "9"]
[EventCountry "RUS"]
[SourceTitle "CBM 192"]
[Source "ChessBase"]
[SourceDate "2019.10.31"]
[SourceVersion "1"]
[SourceVersionDate "2019.10.31"]
[SourceQuality "1"]

1. d4 Nf6 2. c4 g6 3. Nc3 Bg7 4. e4 d6 5. Be2 0-0 6. Be3 c5 7. dxc5 Qa5 8. f3 dxc5 9. e5 Ne8 10. f4 Be6 11. Nf3 f6 12. 0-0 Nc6 13. Qb3 b6 14. Nd5 Rd8 15. Rad1 Rd7 16. exf6 exf6 17. Rfe1 Nd6 18. Nc7 Rxc7 19. Rxd6 Re8 20. Bd2 Qa6 21. Bc3 Bf8 22. Rd2 Bg7 23. Rd6 Bf8 1/2-1/2

[Event "St Petersburg Korchnoi Memorial op"]
[Site "St Petersburg"]
[Date "2019.08.19"]
[Round "6"]
[White "Rudikov, Dmitry"]
[Black "Dudarev, Vyacheslav"]
[Result "1/2-1/2"]
[WhiteElo "2109"]
[BlackElo "2260"]
[PlyCount "120"]
[EventDate "2019.08.14"]
[EventType "swiss"]
[EventRounds "9"]
[EventCountry "RUS"]
[SourceTitle "CBM 192"]
[Source "ChessBase"]
[SourceDate "2019.10.31"]
[SourceVersion "1"]
[SourceVersionDate "2019.10.31"]
[SourceQuality "1"]

1. d4 Nf6 2. c4 e6 3. g3 d5 4. Nf3 Bb4+ 5. Bd2 Bd6 6. Bg2 c6 7. 0-0 0-0 8. Nc3 dxc4 9. e4 Be7 10. a4 c5 11. Be3 Nc6 12. h3 cxd4 13. Nxd4 e5 14. Nxc6 bxc6 15. Qe2 Qd3 16. Qf3 Qc2 17. Rab1 Rd8 18. Rfc1 Qb3 19. Qe2 Nd7 20. Rd1 Ba6 21. f4 Nc5 22. fxe5 Nxa4 23. Nxa4 Qxa4 24. e6 fxe6 25. Qg4 Kh8 26. Bd4 Rxd4 27. Rxd4 Bc5 28. e5 Qc2 29. Rbd1 Qxb2 30. Kh2 Bxd4 31. Rxd4 Bb5 32. Rd7 Qxe5 33. Qd1 Qf6 34. Rd4 c3 35. Rf4 Qe5 36. Qc2 Rd8 37. Qd1 Rg8 38. Be4 h6 39. Qg4 Qg5 40. Qxe6 Rd8 41. h4 Qh5 42. Qd7 Rg8 43. Qe6 c2 44. Bxc2 Qe2+ 45. Qxe2 Bxe2 46. g4 g6 47. Rf7 Bxg4 48. Kg3 Be6 49. Rxa7 Bd5 50. Kf4 Rf8+ 51. Ke5 Rf7 52. Ra1 Kg7 53. Rg1 Re7+ 54. Kd6 Re6+ 55. Kc5 Be4 56. Re1 Bf5 57. Rxe6 Bxe6 58. Kxc6 Kf6 59. Kd6 Bc4 60. Kc5 Be6 1/2-1/2

[Event "St Petersburg Korchnoi Memorial op"]
[Site "St Petersburg"]
[Date "2019.08.17"]
[Round "4"]
[White "Tskhadadze, Anna"]
[Black "Dudarev, Vyacheslav"]
[Result "0-1"]
[WhiteElo "1961"]
[BlackElo "2260"]
[PlyCount "98"]
[EventDate "2019.08.14"]
[EventType "swiss"]
[EventRounds "9"]
[EventCountry "RUS"]
[SourceTitle "CBM 192"]
[Source "ChessBase"]
[SourceDate "2019.10.31"]
[SourceVersion "1"]
[SourceVersionDate "2019.10.31"]
[SourceQuality "1"]

1. d4 Nf6 2. Bf4 e6 3. e3 c5 4. c3 d5 5. Bd3 Nc6 6. Nd2 Bd6 7. Bg3 b6 8. Ngf3 Qc7 9. 0-0 Bb7 10. Qe2 Bxg3 11. hxg3 0-0 12. dxc5 bxc5 13. e4 Ne5 14. Nxe5 Qxe5 15. f4 Qh5 16. Qxh5 Nxh5 17. Kf2 Nf6 18. e5 Ng4+ 19. Ke2 f6 20. Rh1 fxe5 21. Bxh7+ Kf7 22. Rh4 Ba6+ 23. c4 Nf6 24. fxe5 Nxh7 25. Rxh7 Rh8 26. Rf1+ Kg6 27. Rxh8 Rxh8 28. Kd3 Rh5 29. Re1 Rg5 30. Re3 Rf5 31. b3 Rf2 32. Re2 Rxe2 33. Kxe2 Kf5 34. Ke3 Kxe5 35. cxd5 exd5 36. Nf3+ Kf5 37. b4 cxb4 38. Nd4+ Kg4 39. Kf2 Bc4 40. Nc6 a5 41. Nxa5 Bxa2 42. Nc6 b3 43. Ne5+ Kf5 44. Nd3 Bb1 45. Nc5 Bc2 46. Na4 d4 47. Nb2 Kg4 48. Nc4 d3 49. Ke3 Kxg3 0-1